Investment policies in the Arab countries
| Other Authors: | |
|---|---|
| Format: | Book |
| Published: |
Washington, D.C.:
International Monetary Fund,
1990.
|
| Subjects: |
| LEADER | 00549cam a2200169 7i4500 | ||
|---|---|---|---|
| 001 | 0000003844 | ||
| 005 | 19991025090000.0 | ||
| 002 | ##000005242 | ||
| 020 | 0 | 0 | |a 1-55-775-140-4 |
| 090 | 0 | 0 | |a SAUD 332.6 |b INV |
| 245 | 0 | 0 | |a Investment policies in the Arab countries |c edited by Said El-Naggar. |
| 260 | 0 | 0 | |a Washington, D.C.: |b International Monetary Fund, |c 1990. |
| 300 | 0 | 0 | |a 291 p.. |
| 650 | 0 | 0 | |a Investments, Foreign -- |z government policy |
| 651 | 0 | 0 | |a Saudi Arabia |
| 700 | 0 | 1 | |a El-Naggar, Said |
| 999 | |a 0000006128 |b Book |c Open shelf |e Business Information Centre | ||


